000 00276nam a2200109Ia 4500
001 1259623
005 20260417140315.0
008 260417s9999 xx 000 0 und d
020 _a9789752899339
245 0 _aYarın Yapayalnız
_cSelim İleri
260 _bEverest Yayınları
999 _c1259623
_d1259623